| 000 | 003180000a22001090004500 | ||
|---|---|---|---|
| 090 |
_aAS _bSeriadas |
||
| 245 | 1 | 0 | _aGroup division of wild black-capped capuchins |
| 041 | 0 | _aInglés | |
| 100 | 1 |
_aIzawa, Kosei _9100240 |
|
| 942 | _cARTICULO | ||
| 773 | 1 |
_tField Studies of Fauna and Flora La Macarena, Colombia _q5-41 _d1994 _g9 |
|
| 999 |
_c15994 _d15994 |
||